| 000 | 00599nam a2200145Ia 4500 | ||
|---|---|---|---|
| 008 | 170221s9999 xx 000 0 und d | ||
| 100 | _aMarina V. Verkhovskaya | ||
| 245 | _aParticularities of the Implement of Quality Management System Based on the Requirements of the ISO 9001 in the Telecommunications Companies | ||
| 245 | _cMarina V. Verkhovskaya, Ekaterina V. Men’shikova, Oleg V. Khazanov | ||
| 260 | _bInternational Review of Management and Marketing | ||
| 260 | _c2016 | ||
| 300 | _a6 : 3 | ||
| 650 | _xMarketing. | ||
| 856 | _uhttp://www.econjournals.com/index.php/irmm/issue/view/82 | ||
| 999 |
_c308395 _d308395 |
||